Fadrique Gutiérrez: Hidalgo extravagante de muchas andanzas
Gardado en:
| Autor Principal: | |
|---|---|
| Formato: | Libro |
| Idioma: | Undetermined |
| Publicado: |
San José, Costa Rica
EUNED
1995
|
| Materias: | |
| Etiquetas: |
Engadir etiqueta
Sen Etiquetas, Sexa o primeiro en etiquetar este rexistro!
|
MARC
| LEADER | 00000nam a2200000Ia 4500 | ||
|---|---|---|---|
| 008 | 170316s9999 xx 000 0 und d | ||
| 040 | |a cru BVZT | ||
| 090 | |a 868 D-11f | ||
| 100 | |a Dobles Segreda, Luis | ||
| 245 | |a Fadrique Gutiérrez: Hidalgo extravagante de muchas andanzas | ||
| 260 | |a San José, Costa Rica |b EUNED |c 1995 | ||
| 300 | |a 165 páginas | ||
| 650 | |a LITERATURA COSTARRICENSE | ||
| 650 | |a CUENTOS | ||
| 999 | |c 10901 |d 10901 | ||
| 942 | |c 15 D |h 868 D-11f |2 z | ||
